Gran diccionario inglés-español (Record no. 50454)

MARC details
000 -LEADER
campo de control de longitud fija 00943nam a2200253 i 4500
001 - NÚMERO DE CONTROL
campo de control 50454
003 - IDENTIFICADOR DE NÚMERO DE CONTROL
campo de control ES-MaACL
005 - FECHA Y HORA DE LA ÚLTIMA TRANSACCIÓN
campo de control 20230906162200.0
007 - CAMPO FIJO DE DESCRIPCIÓN FÍSICA--INFORMACIÓN GENERAL
campo de control de longitud fija t|
008 - DATOS DE LONGITUD FIJA--INFORMACIÓN GENERAL
campo de control de longitud fija 030804s1946 sp d |||| | spa d
080 ## - NÚMERO DE LA CLASIFICACIÓN DECIMAL UNIVERSAL
Número de la Clasificación Decimal Universal 802.0-3=60
080 ## - NÚMERO DE LA CLASIFICACIÓN DECIMAL UNIVERSAL
Número de la Clasificación Decimal Universal 806.0-3=20
100 1# - ENTRADA PRINCIPAL--NOMBRE DE PERSONA
Nombre de persona Cuyás Armengol, Arturo.
9 (RLIN) 148645
245 10 - MENCIÓN DEL TÍTULO
Título Gran diccionario inglés-español
Resto del título = Great Spanish-English dictionary /
Mención de responsabilidad, etc. por Arturo Cuyás Armengol y Antonio Cuyás Armengol ; con la colaboración de Alberto del Castillo Yurrita.
246 31 - FORMA VARIANTE DEL TITULO
Título propio/Titulo breve Great Spanish-English dictionary
250 ## - MENCION DE EDICION
Mención de edición 7ª ed.
260 ## - PUBLICACIÓN, DISTRIBUCIÓN, ETC.
Lugar de publicación, distribución, etc. Barcelona :
Nombre del editor, distribuidor, etc. Hymsa,
Fecha de publicación, distribución, etc. 1946 (
Fabricante Talls. grafs. de la S.G. de P.)
300 ## - DESCRIPCIÓN FÍSICA
Extensión pag. var. ;
Dimensiones 23 cm.
650 04 - PUNTO DE ACCESO ADICIONAL DE MATERIA--TÉRMINO DE MATERIA
Término de materia o nombre geográfico como elemento de entrada Lengua inglesa-
Subdivisión de forma Diccionarios-
Subdivisión general Español.
9 (RLIN) 14270
650 04 - PUNTO DE ACCESO ADICIONAL DE MATERIA--TÉRMINO DE MATERIA
Término de materia o nombre geográfico como elemento de entrada Lengua española-
Subdivisión de forma Diccionarios-
Subdivisión general Inglés.
9 (RLIN) 14142
700 1# - ENTRADA AGREGADA--NOMBRE PERSONAL
Nombre de persona Cuyás Armengol, Antonio.
9 (RLIN) 148646
700 1# - ENTRADA AGREGADA--NOMBRE PERSONAL
Nombre de persona Castillo, Alberto del.
9 (RLIN) 36670
852 ## - LOCALIZACIÓN
Ubicación ES-MaACL
Número de control de estantería L-9605
Holdings
Estatus retirado Estado de pérdida Estado de daño No para préstamo Colección Biblioteca de origen Biblioteca actual Ubicación en estantería Fecha de adquisición Fuente de adquisición Total de préstamos Signatura topográfica completa Código de barras Visto por última vez Precio de reemplazo Tipo de ítem Koha
        Colección de referencia Biblioteca del Ateneo de Madrid Biblioteca del Ateneo de Madrid Depósito 2 17/01/2008     L-9605 1053072 23/02/2023 23/02/2023 Libro impreso